00449nam a2200133Ia 45000010005000000080041000050820019000461000050000652450127001152600024002425900007002669010027002739990015003002476241024s9999 xx 000 0 und d aRD/617.2/C755g aConsejo nacional sobre discapacidad (CONADIS) 0aGuía técnica de accesibilidad en la construcción.Diseñar y construir accesible es diseñar y construir para todos bSanto Domingoc2012 asi a12/9/2012 3:36:38 p.m. c8064d8064